Annuaire diplomatique et consulaire de la République française. (Record no. 173581)

MARC details
000 -LEADER
campo de control de longitud fija 00542nas a2200181 i 4500
001 - NÚMERO DE CONTROL
campo de control 173581
003 - IDENTIFICADOR DE NÚMERO DE CONTROL
campo de control ES-MaACL
005 - FECHA Y HORA DE LA ÚLTIMA TRANSACCIÓN
campo de control 20250217134854.0
008 - DATOS DE LONGITUD FIJA--INFORMACIÓN GENERAL
campo de control de longitud fija 091210c1879 fr | | ||re d
245 00 - MENCIÓN DEL TÍTULO
Título Annuaire diplomatique et consulaire de la République française.
260 ## - PUBLICACIÓN, DISTRIBUCIÓN, ETC.
Lugar de publicación, distribución, etc. Paris :
Nombre del editor, distribuidor, etc. Berger-Levrault,
Fecha de publicación, distribución, etc. 1879-
300 ## - DESCRIPCIÓN FÍSICA
Extensión 461 p. ;
Dimensiones 21 cm.
362 0# - FECHAS DE PUBLICACIÓN Y/O DESIGNACIÓN SECUENCIAL
Fecha de publicación y/o designación secuencial N.s., [t. 1] (1879)-
710 1# - ENTRADA AGREGADA--NOMBRE DE ENTIDAD CORPORATIVA
Nombre de entidad corporativa o nombre de jurisdicción como elemento de entrada Francia.
Unidad subordinada Ministère des Affaires Étrangères.
9 (RLIN) 134397
852 ## - LOCALIZACIÓN
Ubicación ES-MaACL
Número de control de estantería B-1394
866 #0 - MENCIÓN TEXTUAL DE FONDOS--UNIDAD BIBLIOGRÁFICA BÁSICA
Fondos 1894.
Holdings
Estatus retirado Estado de pérdida Estado de daño No para préstamo Colección Biblioteca de origen Biblioteca actual Ubicación en estantería Fecha de adquisición Fuente de adquisición Total de préstamos Signatura topográfica completa Código de barras Visto por última vez Precio de reemplazo Tipo de ítem Koha
        Periódicos y Revistas Biblioteca del Ateneo de Madrid Biblioteca del Ateneo de Madrid Sala Pardo Bazán 10/12/2009     B-1394 1182161 23/02/2023 23/02/2023 Revista